[Event "European Schools Girls U17 Championship 2024"]
[Site "Limerick IRL"]
[Date "2024.06.07"]
[Round "9.1"]
[White "Dumitrache, Elisa-Andreea"]
[Black "Engel, Ecrin Tuana"]
[Result "0-1"]
[WhiteElo "1692"]
[BlackElo "1576"]
[WhiteNationality "ROU"]
[BlackNationality "TUR"]
[WhiteFideId "1273264"]
[BlackFideId "44508115"]
[PlyCount "94"]
[FIDETournamentId "372859"]
[ICUTournamentId "2491"]
[ChessResultsKey "950022"]
[Venue "Main Building, University of Limerick"]
[EventDate "2024.05.31"]
[EventRounds "9"]

{ Event information: <a
href="https://www.irlchess.com/europeanschools2024g17_allfiles/pairings_europeanschools2024g17.html">Tournament
report</a>. }

1. e4 c5 2. Nc3 e6 3. f4 d5 4. Nf3 d4 5. Bb5+ Nd7 6. Ne2 a6 7. Bxd7+ Bxd7
8. d3 Bd6 9. O-O Ne7 10. Kh1 f5 11. e5 Bc7 12. c3 dxc3 13. bxc3 Bc6 14. d4
c4 15. Ng3 O-O 16. Ng5 Qd5 17. Qf3 Qxf3 18. Nxf3 Nd5 19. Ba3 Rfe8 20. Rac1
Nxf4 21. Ne1 Nd5 22. Nh5 g6 23. Nf4 Nxf4 24. Rxf4 Bd8 25. Rf2 Be4 26. Nf3
g5 27. Nd2 Bd3 28. Nf3 g4 29. Ne1 Be4 30. Rd1 Bh4 31. Re2 Bxe1 32. Rdxe1
Kg7 33. Kg1 h5 34. g3 Rad8 35. Rb2 Rd7 36. Bc5 h4 37. Re3 Rh8 38. Rf2 hxg3
39. Rxg3 Rh3 40. Bd6 Kg8 41. Ba3 Rdh7 42. Rxh3 Rxh3 43. Bb2 g3 44. Re2 g2
45. a3 Rd3 46. Re1 Rd2 47. Ba1 Ra2 0-1

[Event "European Schools Girls U17 Championship 2024"]
[Site "Limerick IRL"]
[Date "2024.06.07"]
[Round "9.2"]
[White "Toculet, Erika-Andreea"]
[Black "Souralova, Jana"]
[Result "1/2-1/2"]
[WhiteElo "1461"]
[BlackElo "1557"]
[WhiteNationality "ROU"]
[BlackNationality "CZE"]
[WhiteFideId "1257218"]
[BlackFideId "23710586"]
[PlyCount "109"]
[FIDETournamentId "372859"]
[ICUTournamentId "2491"]
[ChessResultsKey "950022"]
[Venue "Main Building, University of Limerick"]
[EventDate "2024.05.31"]
[EventRounds "9"]
[WhiteFullName "Tocule&#539;, Erika-Andreea"]
[BlackFullName "Souralov&aacute;, Jana"]

{ Event information: <a
href="https://www.irlchess.com/europeanschools2024g17_allfiles/pairings_europeanschools2024g17.html">Tournament
report</a>. }

1. e4 e5 2. Nf3 Nc6 3. d4 exd4 4. Bc4 Bc5 5. c3 dxc3 6. Bxf7+ Kxf7 7. Qd5+
Ke8 8. Qxc5 d6 9. Qxc3 Qf6 10. Qc2 Bg4 11. Bg5 Qg6 12. Nbd2 Bxf3 13. Nxf3
Nf6 14. O-O Kd7 15. Rfe1 Rae8 16. Bxf6 Qxf6 17. Qb3 Kc8 18. a4 Rhf8 19. Re2
Nd4 20. Nxd4 Qxd4 21. Qc2 Re5 22. Rd1 Qc5 23. Qxc5 Rxc5 24. f3 Rc4 25. b3
Rb4 26. Rd3 Re8 27. Rde3 Kd7 28. Kf2 Re6 29. g3 a6 30. f4 b5 31. axb5 axb5
32. Kf3 Ke7 33. Rc2 c5 34. e5 Kd7 35. Rcc3 c4 36. bxc4 Rxc4 37. Rxc4 bxc4
38. exd6 Rxd6 39. Rc3 Rc6 40. Ke4 Ke6 41. Kd4 Kf5 42. Rxc4 Rxc4+ 43. Kxc4
Kg4 44. Kd3 Kh3 45. Ke3 Kxh2 46. Kf3 Kh3 47. Kf2 Kg4 48. Kg2 h6 49. Kf2 g5
50. fxg5 hxg5 51. Kg2 Kf5 52. Kf3 g4+ 53. Ke3 Ke5 54. Kd3 Kd5 55. Ke3
1/2-1/2

[Event "European Schools Girls U17 Championship 2024"]
[Site "Limerick IRL"]
[Date "2024.06.07"]
[Round "9.4"]
[White "Krzysztynska, Maria"]
[Black "Mustu, Hatice Asli"]
[Result "0-1"]
[WhiteElo "1481"]
[BlackElo "1925"]
[WhiteNationality "POL"]
[BlackNationality "TUR"]
[WhiteFideId "21858705"]
[BlackFideId "34576843"]
[PlyCount "84"]
[FIDETournamentId "372859"]
[ICUTournamentId "2491"]
[ChessResultsKey "950022"]
[Venue "Main Building, University of Limerick"]
[EventDate "2024.05.31"]
[EventRounds "9"]
[BlackFullName "Mu&scedil;tu, Hatice Asl&#305;"]

{ Event information: <a
href="https://www.irlchess.com/europeanschools2024g17_allfiles/pairings_europeanschools2024g17.html">Tournament
report</a>. }

1. e4 c5 2. Nc3 Nc6 3. f4 g6 4. Nf3 Bg7 5. Bc4 e6 6. d3 Nge7 7. O-O O-O 8.
Qe1 Nd4 9. Bb3 d5 10. Ne2 Nxe2+ 11. Qxe2 b5 12. c3 Bb7 13. Bc2 d4 14. Bd2
Nc6 15. Kh1 dxc3 16. bxc3 Qd7 17. Rab1 a6 18. Qf2 Rac8 19. Qh4 Ne7 20. Ng5
h6 21. Nf3 Rfe8 22. Ne5 Qd6 23. Rbd1 Kf8 24. Ng4 Ng8 25. e5 Qd5 26. Rf2
Qxa2 27. Bb1 Qd5 28. Nf6 Bxf6 29. exf6 Qf5 30. Qg3 Nxf6 31. d4 Be4 32. Rff1
Bxb1 33. Rxb1 Ne4 34. Qe1 Nxd2 35. Qxd2 Red8 36. Qb2 cxd4 37. cxd4 Rc2 38.
Qb4+ Kg7 39. h3 Qe4 40. Rg1 Rxd4 41. Qb3 Rd3 42. Qxc2 Rxh3# 0-1

[Event "European Schools Girls U17 Championship 2024"]
[Site "Limerick IRL"]
[Date "2024.06.07"]
[Round "9.5"]
[White "Putar, Lara"]
[Black "Buyuk, Ecrin Efsa"]
[Result "0-1"]
[BlackTitle "WCM"]
[WhiteElo "1983"]
[BlackElo "1891"]
[WhiteICU "1936"]
[WhiteClub "St. Benildus"]
[WhiteNationality "IRL"]
[BlackNationality "TUR"]
[WhiteFideId "14546604"]
[BlackFideId "44505175"]
[PlyCount "108"]
[FIDETournamentId "372859"]
[ICUTournamentId "2491"]
[ChessResultsKey "950022"]
[Venue "Main Building, University of Limerick"]
[EventDate "2024.05.31"]
[EventRounds "9"]
[BlackFullName "B&uuml;y&uuml;k, Ecrin Efsa"]

{ Event information: <a
href="https://www.irlchess.com/europeanschools2024g17_allfiles/pairings_europeanschools2024g17.html">Tournament
report</a>. }

1. d4 d5 2. c4 c6 3. Nf3 Nf6 4. Nc3 e6 5. e3 Bd6 6. Bd3 O-O 7. e4 dxe4 8.
Nxe4 Nxe4 9. Bxe4 f5 10. Bc2 c5 11. dxc5 Qa5+ 12. Bd2 Qxc5 13. Qe2 a5 14.
O-O e5 15. Be3 Qc7 16. c5 Be7 17. Bb3+ Kh8 18. Rfe1 Nc6 19. Rad1 f4 20. Bd2
Bg4 21. Bc3 Bxc5 22. Bxe5 Nxe5 23. Qxe5 Qb6 24. Qe2 Bb4 25. Rf1 Qf6 26. a3
Bc5 27. Bd5 Rae8 28. Qb5 b6 29. b4 axb4 30. axb4 Bd6 31. Rc1 Rc8 32. Ra1
Bb8 33. Ra6 Bc7 34. Nd2 Qd4 35. Nf3 Qf6 36. h3 Bf5 37. Re1 Rcd8 38. Ra7 Bd7
39. Qc4 Bb8 40. Rb7 b5 41. Qd4 Qxd4 42. Nxd4 Rfe8 43. Rxe8+ Bxe8 44. Nxb5
h6 45. Bf3 Be5 46. Re7 Bf6 47. Rb7 Be5 48. Nc7 Ba4 49. Ne6 Re8 50. Nc5 Bc2
51. b5 Bd4 52. Rc7 Re1+ 53. Kh2 Bxf2 54. Rc8+ Kh7 0-1